000 00749nam a2200217 a 4500
001 63508
003 BD-RjUL
005 20211209081215.0
008 170130s2008 bg ||||| |||| 00| 0 ben d
035 _a(BD-RjUL)63637
040 _aBD-RjUL
_bben
_cBD-RjUL
_dBD-RjUL
041 _aben
082 _223
_a891.441
_bMED 2008
100 _aমেহমুদ, মালেক
_9170417
245 1 0 _aদিন ফুরালো রাত ফুরালো /
_cমালেক মেহমুদ
260 _aরাজশাহী :
_bমহিমা,
_c২০০৮
300 _a৩২ পৃ. :
_bচিত্র ;
_c২৩ সেমি.
650 _aবাংলা কবিতা
_9179513
650 _aBengali Poetry
_9179514
942 _2ddc
_cBK
999 _c63508
_d63508